000 00312nam a22001337a 4500
020 _a9780552175692
040 _cNUST
082 _a823 BRO
100 _aBrown, Dan
_99885
245 _aOrigin
260 _aNew York:
_bCorgi Books Penguin Random House,
_c2017.
650 _aEnglish Fiction
942 _2ddc
_cBK
999 _c593633
_d593633